000 00729nam a2200253Ia 4500
003 OSt
005 20221005114801.0
006 a|||||r|||| 00| 0
007 ta
008 221004b |||||||| |||| 00| 0 ara d
020 _a9771102818 (pbk)
_c180
024 _a39550
037 _b03, 26/03/2007, Nadwi Publications
_cTextual
040 _aCRL
_cCRL
_bara
041 _2ara
_aara
082 _aO28,3NYU,47, P6
100 _aSabaie Yusuf Au.
245 0 _aBeen Abul Raeesh-o-janianat namees
260 _c2006
300 _a287p.
_ccm.
650 _aARABIC FICTION
_964594
942 _hO28,3NYU,47, P6
_cTEXL
_2cc
999 _c1032406
_d1032406